000 00783nam a2200265 i 4500
003 EG-ScBUE
005 20250512115304.0
008 200219r20252021enka f 000 0 eng d
020 _a9781912843411
040 _aEG-ScBUE
_beng
_erda
_cEG-ScBUE
_dEG-ScBUE
082 0 4 _222
_a741.51
_bCOL
245 1 0 _aColor & light.
246 3 _aColor and light
250 _aReprint edition.
264 1 _aWorcester, United Kingdom :
_b3dototal Publishing,
_c2025.
300 _a385 pages :
_bcolor illustrations ;
_c30 cm.
336 _2rdacontent
_atext
_btxt
337 _2rdamedia
_aunmediated
_bn
338 _2rdacarrier
_avolume
_bnc
490 0 _aArtist's master series
650 7 _2BUEsh
_aDrawing
_xTechnique
653 _cMay2025
_bART
655 _vReading book
942 _2ddc
_cBB
999 _c30973
_d30944